| 000 | 00000nam 2200000zi 4500 |
| 001 | 9.908801 |
| 003 | CaOODSP |
| 005 | 20221107181742 |
| 006 | m o d f |
| 007 | cr cn||||||||| |
| 008 | 220304t20222022onc ob f000 0 eng d |
| 020 | |a9780660423685 |
| 040 | |aCaOODSP|beng|erda|cCaOODSP |
| 043 | |an-cn--- |
| 086 | 1 |aNR24-101/2022E-PDF |
| 245 | 00|aNational guidelines for whole-building life cycle assessment. |
| 264 | 1|a[Ottawa] : |bNational Research Council of Canada = Conseil national de recherches Canada, |c2022. |
| 264 | 4|c©2022 |
| 300 | |a1 online resource (xxi, 112 pages) |
| 336 | |atext|btxt|2rdacontent |
| 337 | |acomputer|bc|2rdamedia |
| 338 | |aonline resource|bcr|2rdacarrier |
| 500 | |aIssued also in French under title: Lignes directrices nationales en matière d'analyse du cycle de vie de l'ensemble du bâtiment. |
| 504 | |aIncludes bibliographical references. |
| 520 | |a"The purpose of this document is to improve quality and consistency in the practice of life cycle assessment (LCA) as applied to buildings (whole-building LCA, or wbLCA) and to assist in interpretation of relevant standards"--page xvii. |
| 650 | 0|aSustainable construction|zCanada. |
| 650 | 0|aBuilding materials|xService life|zCanada. |
| 650 | 0|aEcological risk assessment|zCanada. |
| 710 | 2 |aNational Research Council Canada, |eissuing body. |
| 775 | 08|tLignes directrices nationales en matière d’analyse du cycle de vie de l’ensemble du bâtiment.|w(CaOODSP)9.908803 |
| 776 | 0#|tNational guidelines for whole-building life cycle assessment.|w(CaOODSP)9.908802 |
| 856 | 40|qPDF|s11.27 MB|uhttps://publications.gc.ca/collections/collection_2022/cnrc-nrc/NR24-101-2022-eng.pdf |